000 00383cam a2200169 4500
001 D13481
008 090401t1928 xxu||||| |||| 00| 0 eng d
035 _a(Sirsi) u9976
041 _aeng
100 _aMustoe, N.E.
245 4 _aThe Landlord and Tenant Act, 1927
260 _bEstates Gazette
_c1928
350 _a0
520 _aShelf 132
942 _n0
948 _c04/03/1997
999 _c86689
_d86689